000 00571nam a22001577a 4500
005 20151029123143.0
008 151029b it ||||| |||| 00| 0 spa d
050 0 4 _aP90
_bC85 2002
245 0 0 _aCultura de la legalidad :
_bel papel de los medios de comunicación : el caso Siciliano
250 _a1a ed.
260 _aPalermo, Italy :
_bThe Sicilian Renaissance Institute,
_c2002
300 _a63 p. ;
_c21 cm.
504 _aIncluye bibliografía e índice
650 7 _2LEMB
_aMedios de comunicación masiva
_xCultura de la legalidad
_zSicilia
_zItalia
942 _2lcc
_cLIB
999 _c106006
_d106006